000 00278nam a22001097a 4500
100 _aBRANDT, D. J. D
_958152
245 _aTHE MANUFACTURE OF IRON AND STEEL A COMPREHENSIVE COURSE FOR OPERATIVES
250 _a2ND
260 _aLONDON
_bEUP
_c1960
300 _a399P
942 _cBK
999 _c568365
_d568365